| 000 | 00662nam a2200193 i 4500 | ||
|---|---|---|---|
| 001 | 95598 | ||
| 003 | ES-MaACL | ||
| 005 | 20230906181735.0 | ||
| 007 | t| | ||
| 008 | 050601s1947 sp ||||1| spa d | ||
| 100 | 1 |
_aLleó Silvestre, Antonio. _972756 |
|
| 245 | 1 | 3 |
_aEl coto social de previsión / _cpor Antonio Lleó Silvestre. |
| 260 |
_aMadrid : _bInstituto Nacional de Previsión, _c1947. |
||
| 300 |
_a32 p. ; _c21 cm. |
||
| 500 | _aEs publicación del Instituto Nacional de Previsión. | ||
| 594 | _aPrecede al tít.: Publicaciones del Instituto Nacional de Previsión. | ||
| 650 | 4 |
_aCotos escolares. _9163888 |
|
| 852 |
_aES-MaACL _j1870-F-2 _bR.23380 |
||
| 999 |
_c95598 _d95598 |
||